[Event "Barcelona Primavera La Lira op 11th"]
[Site "Barcelona"]
[Date "2018.04.26"]
[Round "3"]
[White "Cervera Lopez, Miguel"]
[Black "Vigier Pons, Vicente"]
[Result "1/2-1/2"]
[WhiteElo "1598"]
[BlackElo "1922"]
[PlyCount "127"]
[EventDate "2018.04.12"]
[EventType "swiss"]
[EventRounds "9"]
[EventCountry "ESP"]
[SourceTitle "CBM 184 Extra"]
[Source "ChessBase"]
[SourceDate "2018.06.28"]
[SourceVersion "1"]
[SourceVersionDate "2018.06.28"]
[SourceQuality "1"]

1. e4 Nc6 2. d4 d5 3. e5 Bf5 4. Bb5 Qd7 5. Ne2 a6 6. Ba4 h6 7. Nbc3 e6 8. Be3 f6 9. f4 b5 10. Bb3 Bb4 11. a3 Ba5 12. a4 b4 13. Na2 Bb6 14. c3 a5 15. Ng3 Bg6 16. Nc1 fxe5 17. fxe5 Nxe5 18. Nh5 Qe7 19. 0-0 Qh4 20. Nxg7+ Kd7 21. Bf2 Qe7 22. Nh5 Nf7 23. Nd3 Qg5 24. Nhf4 Be4 25. g3 h5 26. Be3 Nf6 27. Nxd5 Qg6 28. Nxf6+ Ke7 29. Nxe4 Qxe4 30. Re1 Qg4 31. Bf4 Nd8 32. Ne5 Qxd1 33. Raxd1 Rg8 34. Nc4 bxc3 35. bxc3 Rb8 36. Nxb6 Rxb6 37. Bc4 Rc6 38. Bb5 Rxc3 39. Bd2 Rf3 40. Bxa5 h4 41. Bxc7 hxg3 42. Bxg3 Nf7 43. Kg2 Ra3 44. Bc4 Rg6 45. Bd3 Rg4 46. Bf5 Rg7 47. Rxe6+ Kf8 48. Rde1 Rg5 49. Kh1 Rxf5 50. Re8+ Kg7 51. Rg1 Rxa4 52. Be5+ Kh6 53. Re6+ Kh5 54. Re7 Ra2 55. Re8 Ra6 56. Reg8 Nxe5 57. dxe5 Rxe5 58. R1g3 Ra1+ 59. Kg2 Ra2+ 60. Kh3 Ra6 61. Rh8+ Rh6 62. Rhg8 Ra6 63. R8g4 Kh6 64. Rg8 1/2-1/2